000 00514nam a2200157 4500
001 138603
003 ES-MaACL
005 20230906195610.0
007 t|
008 070214s1964 sp r ||||1| spa d
245 0 3 _aLa Ultima Cena del Señor
_b: (meditaciones de Jueves Santo) /
_ccompaginador, Francisco Santamaría Gómez.
260 _aCuenca :
_b[s. n.],
_c1964 (
_fImp. de Falange)
300 _a81 p. ;
_c19 cm.
700 1 _aSantamaría Gómez, Francisco.
_9103311
852 _aES-MaACL
_jC-25107
_bR.54011
999 _c138603
_d138603